Normal view
MARC view
- SWITCHING CIRCUITS DIGITAL ELECTRONICS LOGIC DESIGN
Entry Topical Term
001 - CONTROL NUMBER
- control field: 74160
003 - CONTROL NUMBER IDENTIFIER
- control field: NUST
005 - DATE AND TIME OF LATEST TRANSACTION
- control field: 20210628205139.0
008 - FIXED-LENGTH DATA ELEMENTS
- fixed length control field: 210628|| aca||aabn | a|a d
040 ## - CATALOGING SOURCE
- Original cataloging agency: NUST
- Transcribing agency: NUST
150 ## - HEADING--TOPICAL TERM
- Topical term or geographic name entry element: SWITCHING CIRCUITS DIGITAL ELECTRONICS LOGIC DESIGN
670 ## - SOURCE DATA FOUND
- Source citation: Work cat.: (NUST): PETERSON, G. R,HILL, F. J 65505, INTRODUCTION TO SWITCHING THEORY AND LOGICAL DESIGN, 1981
